Il colore giusto - Film - Statistics

Statistiche generali
  • Questo quiz è stato fatto 193 volte
  • Il punteggio medio è 6 su 8
Statistiche sulle risposte
Hint Risposta % Corretto
La pantera ___ ROSA
94%
Il miglio ___ VERDE
88%
Laguna ___ BLU
87%
Cinquanta sfumature di ___ GRIGIO
84%
Profondo ___ ROSSO
84%
Il cigno ___
NERO
79%
Chi non salta ___ è BIANCO
48%
Il colore ___ VIOLA
46%
Nessun quiz corrispondente trovato
Distribuzione punteggi
Percentuale di utenti per punteggio
Percentile per numero di risposta
I tuoi punteggi nel tempo
Non hai fatto questo quiz